000 01040nam a2200229 i 4500
001 86265
003 ES-MaACL
005 20230906175417.0
007 t|
008 041221s1999 sp ||||1| spa d
080 _a7.034(450.521)
080 _a069(450.521Palazzo Pitti)
245 0 0 _aPalacio Pitti, Florencia [
_hRecurso electrónico].
260 _a[Madrid] :
_bActa,
_c[1999]
300 _a1 disco compacto (CD-ROM) :
_bson., col. ;
_c12 cm.
490 1 _aGrandes tesoros del arte mundial ;
_v3
500 _aCaracterísticas del sistema: 486 DX o superior; Windows 3.1 o Windows 95; 8 Mb de memoria RAM; 3 Mb disponibles en el disco duro; pantalla 640 x 48s480, 32000 colores mínimo; lector de CD-Rom de doble velocidad; tarjeta Sound Blaster o compatible; Microsoft Mouse o compatible; altavoces o auriculares; ratón compatible Microsoft Windows.
610 2 _aPalacio Pitti (Florencia)-
_vCD-ROM.
_96097
830 0 _aGrandes tesoros del arte mundial ;
_v3
_9183942
852 _aES-MaACL
_jROT 1/6/14
999 _c86265
_d86265